[Event "Landesliga Sued 1213"]
[Site "Bayern"]
[Date "2012.11.25"]
[Round "3.2"]
[White "Kostic, Vladimir G"]
[Black "Wolf, Armin"]
[Result "1/2-1/2"]
[WhiteElo "2403"]
[BlackElo "2107"]
[PlyCount "57"]
[EventDate "2012.10.14"]
[EventType "team-tourn"]
[EventRounds "9"]
[EventCountry "GER"]
[SourceTitle "EXT 2015"]
[Source "ChessBase"]
[SourceDate "2014.11.20"]
[SourceVersion "1"]
[SourceVersionDate "2014.11.20"]
[SourceQuality "1"]
[WhiteTeam "Muenchen Suedost"]
[BlackTeam "Haunstetten"]
[WhiteTeamCountry "GER"]
[BlackTeamCountry "GER"]

1. e4 c5 2. Nf3 d6 3. d4 cxd4 4. Nxd4 Nf6 5. Nc3 a6 6. f4 e5 7. Nf3 Nbd7 8. Bd3 b5 9. 0-0 Bb7 10. Qe1 g6 11. a4 bxa4 12. Nxa4 Bg7 13. Qb4 Qc7 14. fxe5 dxe5 15. Bc4 h6 16. h3 Bf8 17. Qe1 Be7 18. Nh4 Rh7 19. Bd3 Kf8 20. Bd2 Kg8 21. Kh1 Kh8 22. Bb4 Bxb4 23. Qxb4 Kg7 24. Bc4 Re8 25. Rad1 Rhh8 26. Rxd7 Qxd7 27. Nc3 Qe7 28. Qxe7 Rxe7 29. Nd5 1/2-1/2

[Event "Landesliga Sued 1213"]
[Site "Bayern"]
[Date "2012.11.11"]
[Round "2.3"]
[White "Kuempers, Ulrich"]
[Black "Wolf, Armin"]
[Result "0-1"]
[WhiteElo "1938"]
[BlackElo "2107"]
[PlyCount "60"]
[EventDate "2012.10.14"]
[EventType "team-tourn"]
[EventRounds "9"]
[EventCountry "GER"]
[SourceTitle "EXT 2015"]
[Source "ChessBase"]
[SourceDate "2014.11.20"]
[SourceVersion "1"]
[SourceVersionDate "2014.11.20"]
[SourceQuality "1"]
[WhiteTeam "Muenchen Tarrasch II"]
[BlackTeam "Haunstetten"]
[WhiteTeamCountry "GER"]
[BlackTeamCountry "GER"]

1. d4 g6 2. c4 Bg7 3. e4 d6 4. Nc3 e5 5. d5 Nd7 6. Be3 h5 7. Be2 Nh6 8. Qd2 Ng4 9. Bxg4 hxg4 10. 0-0-0 f5 11. f4 exf4 12. Bxf4 Ne5 13. Re1 Qh4 14. g3 Qe7 15. c5 Bd7 16. Qe2 0-0 17. h3 Rad8 18. hxg4 fxg4 19. Kb1 g5 20. Bc1 Qf7 21. Qh2 Qg6 22. Qh5 Qxh5 23. Rxh5 Nd3 24. Rd1 Nxc5 25. Nge2 Nxe4 26. Rdh1 Bf5 27. Ka1 Bg6 28. Nxe4 Bxe4 29. R1h2 Rf1 30. Rxg5 Bf3 0-1

[Event "Landesliga Sued 1112"]
[Site "Bayern"]
[Date "2012.04.15"]
[Round "9.3"]
[White "Wolf, Armin"]
[Black "Wild, Rudolf"]
[Result "1/2-1/2"]
[WhiteElo "2122"]
[BlackElo "2154"]
[PlyCount "131"]
[EventDate "2011.10.02"]
[EventType "team-tourn"]
[EventRounds "9"]
[EventCountry "GER"]
[SourceTitle "EXT 2015"]
[Source "ChessBase"]
[SourceDate "2014.11.20"]
[SourceVersion "1"]
[SourceVersionDate "2014.11.20"]
[SourceQuality "1"]
[WhiteTeam "Haunstetten"]
[BlackTeam "Krumbach"]
[WhiteTeamCountry "GER"]
[BlackTeamCountry "GER"]

1. e4 c5 2. Nf3 Nc6 3. Bb5 g6 4. 0-0 Bg7 5. Re1 e5 6. Bxc6 dxc6 7. d3 Qe7 8. Nbd2 Be6 9. a3 Nh6 10. b4 0-0 11. bxc5 Qxc5 12. a4 Rfd8 13. Ba3 Qa5 14. Qb1 Rab8 15. Nb3 Qc7 16. Nc5 Bc8 17. a5 b6 18. axb6 axb6 19. Na4 Bg4 20. Nd2 Be6 21. Nf1 f6 22. c4 Nf7 23. Qc2 Ra8 24. Red1 Ra6 25. Bb2 Rda8 26. Nc3 Bf8 27. Rxa6 Rxa6 28. Ra1 Rxa1 29. Bxa1 b5 30. Ne3 bxc4 31. Nxc4 Qa7 32. Bb2 Nd6 33. Nxd6 Bxd6 34. g3 Qb6 35. Kg2 Kg7 36. Bc1 Qb3 37. Qxb3 Bxb3 38. Kf1 h5 39. Ke2 Kf7 40. Nb1 Ke6 41. Nd2 Ba4 42. Nc4 Bc7 43. Be3 f5 44. f3 Bb5 45. Bc5 Bd8 46. Bf2 Be7 47. Be3 Bb4 48. Nd2 Bd6 49. Nc4 Bc7 50. Bc5 f4 51. Bf2 g5 52. Nd2 g4 53. Nc4 Bd8 54. Nb2 Be7 55. Nc4 Bb4 56. Nb2 Kd6 57. Nc4+ Bxc4 58. dxc4 fxg3 59. hxg3 gxf3+ 60. Kxf3 Bc3 61. g4 hxg4+ 62. Kxg4 Bd4 63. Bg3 Kc5 64. Kf5 Kxc4 65. Bxe5 c5 66. Bf4 1/2-1/2

[Event "Landesliga Sued 1112"]
[Site "Bayern"]
[Date "2012.03.18"]
[Round "8.3"]
[White "Michaelis, Martin"]
[Black "Wolf, Armin"]
[Result "1-0"]
[WhiteElo "2185"]
[BlackElo "2122"]
[PlyCount "87"]
[EventDate "2011.10.02"]
[EventType "team-tourn"]
[EventRounds "9"]
[EventCountry "GER"]
[SourceTitle "EXT 2015"]
[Source "ChessBase"]
[SourceDate "2014.11.20"]
[SourceVersion "1"]
[SourceVersionDate "2014.11.20"]
[SourceQuality "1"]
[WhiteTeam "Ingolstadt"]
[BlackTeam "Haunstetten"]
[WhiteTeamCountry "GER"]
[BlackTeamCountry "GER"]

1. d4 g6 2. e4 Bg7 3. Nc3 d6 4. Be3 a6 5. h4 h5 6. Qd2 b5 7. Nh3 Bxh3 8. Rxh3 Nf6 9. e5 b4 10. Ne2 Nd5 11. e6 fxe6 12. Qd3 Kd7 13. Qxg6 Bf6 14. 0-0-0 Nc6 15. Qe4 Qg8 16. Rg3 Qh7 17. Qxh7 Rxh7 18. Bg5 a5 19. Bxf6 exf6 20. c4 bxc3 21. Nxc3 Nce7 22. Bd3 f5 23. Nxd5 Nxd5 24. Rg5 Nf6 25. d5 Nxd5 26. Bxf5 exf5 27. Rxd5 c5 28. Rdxf5 Rah8 29. Kd2 Kc6 30. Kd3 Rb8 31. b3 a4 32. Rxh5 Rxh5 33. Rxh5 axb3 34. axb3 Rxb3+ 35. Kc2 Ra3 36. Rf5 d5 37. h5 d4 38. Rf8 d3+ 39. Kb2 Kd7 40. Rf5 Kc6 41. Rf8 Kd7 42. Rf3 c4 43. h6 Ra6 44. h7 1-0

[Event "Landesliga Sued 1112"]
[Site "Bayern"]
[Date "2012.02.26"]
[Round "7.3"]
[White "Wolf, Armin"]
[Black "Koester, Roman"]
[Result "1-0"]
[WhiteElo "2122"]
[BlackElo "2009"]
[PlyCount "71"]
[EventDate "2011.10.02"]
[EventType "team-tourn"]
[EventRounds "9"]
[EventCountry "GER"]
[SourceTitle "EXT 2015"]
[Source "ChessBase"]
[SourceDate "2014.11.20"]
[SourceVersion "1"]
[SourceVersionDate "2014.11.20"]
[SourceQuality "1"]
[WhiteTeam "Haunstetten"]
[BlackTeam "Muenchen Tarrasch II"]
[WhiteTeamCountry "GER"]
[BlackTeamCountry "GER"]

1. e4 e6 2. d4 d5 3. e5 c5 4. c3 Nc6 5. Nf3 Qb6 6. Bd3 Bd7 7. dxc5 Bxc5 8. 0-0 a5 9. a4 Nge7 10. Nbd2 Ng6 11. Bxg6 hxg6 12. Nb3 Be7 13. Be3 Qc7 14. Bd4 f6 15. Re1 Kf7 16. Nc1 Nxd4 17. cxd4 Rac8 18. Re2 b5 19. b3 bxa4 20. bxa4 Qc4 21. Nd3 Rb8 22. exf6 gxf6 23. Nde5+ Kg7 24. Nxc4 dxc4 25. d5 e5 26. d6 Bf8 27. Qd5 c3 28. Qxa5 Rc8 29. Qa7 Rd8 30. Rc1 Kh6 31. h4 e4 32. Rxe4 Bf5 33. Qe3+ Kg7 34. Re7+ Kg8 35. Rxc3 Rxd6 36. Rcc7 1-0

[Event "Landesliga Sued 1112"]
[Site "Bayern"]
[Date "2011.10.02"]
[Round "1.3"]
[White "Billing, Christian"]
[Black "Wolf, Armin"]
[Result "1-0"]
[WhiteElo "2243"]
[BlackElo "2122"]
[PlyCount "81"]
[EventDate "2011.10.02"]
[EventType "team-tourn"]
[EventRounds "9"]
[EventCountry "GER"]
[SourceTitle "EXT 2013"]
[Source "ChessBase"]
[SourceDate "2012.11.22"]
[SourceVersion "1"]
[SourceVersionDate "2012.11.22"]
[SourceQuality "1"]
[WhiteTeam "Dillingen"]
[BlackTeam "Haunstetten"]
[WhiteTeamCountry "GER"]
[BlackTeamCountry "GER"]

1. e4 c5 2. Nf3 d6 3. d4 cxd4 4. Qxd4 Nc6 5. Bb5 Bd7 6. Bxc6 bxc6 7. 0-0 e5 8. Qd3 h6 9. Na3 Nf6 10. Rd1 Be6 11. Nc4 Bxc4 12. Qxc4 Qc7 13. b3 Be7 14. a4 0-0 15. Nh4 Rfd8 16. Nf5 Bf8 17. Rd3 d5 18. exd5 Rxd5 19. Rxd5 Nxd5 20. Qg4 Kh8 21. Bb2 Re8 22. Re1 Re6 23. Qg3 f6 24. Qg4 Re8 25. h3 Qf7 26. c4 Nf4 27. Rd1 Ne6 28. Bc1 Rd8 29. Rxd8 Nxd8 30. Be3 a6 31. Nh4 Ne6 32. Qe4 Qd7 33. Qg4 Qf7 34. Ng6+ Kh7 35. Nh4 g6 36. Qe4 Nd8 37. g3 Bd6 38. Nf3 Qe7 39. g4 Kg7 40. Nh4 Kh7 41. Qxg6+ 1-0